00860cac a22002051u 4500008004100000010001700041020003800058035002200096082001600118245005700134250001200191260004000203300002700243500002000270538015600290740004400446942002300490999001500513952012600528081104t xxu||||| |||| 00| 0 eng d a 2002103318 a0072967226 (handbook/study guide) a(DLC) 200210331800a650.01bSLA10aPractical Business Math procedures /cJeffrey Slater a8th ed. aBoston :bMcGraw-Hill Irwin,c2006. a107 p.bill. ;c30 cm. aIncludes index. aSystem requirements for accompanying computer disc: Multimedia PC with Pentium 200 MHz; Microsoft Windows 98, Windows 2000 Professional, or Windows XP.02aBusiness math handbook and study guide. cBBk650.01SLA2ddc c2744d2744 00102ddc4070aMAINbMAINc1STd2007-03-04ePurchaseg359.00l0o650.01 SLAp000001392r2025-07-15 00:00:00v448.75yBB